Facultad de Derecho – Universidad Nacional de Mar del Plata

la Acumulaciòn del Capital (Record no. 3885)

MARC details
000 -CABECERA
campo de control de longitud fija 00439nam a22001697a 4500
080 ## - NUMERO DE CLASIFICACION DECIMAL UNIVERSAL (CDU)
Número de la Clasificación Decimal Universal 342 L 969
100 ## - ASIENTO PRINCIPAL--NOMBRE PERSONAL
Nombre personal Luxemburgo, Rosa
245 ## - MENCION DE TITULO
Título propiamente dicho la Acumulaciòn del Capital
Parte restante del título estudio sobre la intepretciòn econòmica del Imperialismo
260 ## - PUBLICACION, DISTRIBUCION, ETC. (PIE DE IMPRENTA)
Lugar de publicación, distribución, etc. Madrid
Nombre del editor, distribuidor, etc. Cenit
Fecha de publicación, distribución, etc. 1933
300 ## - DESCRIPCION FISICA
Extensión 576 P.
650 ## - ASIENTO SECUNDARIO DE MATERIA - TERMINO TEMATICO
Subdivisión general Adam Smith
650 ## - ASIENTO SECUNDARIO DE MATERIA - TERMINO TEMATICO
Subdivisión general Marx
650 ## - ASIENTO SECUNDARIO DE MATERIA - TERMINO TEMATICO
Subdivisión general acumulacon del capital
650 ## - ASIENTO SECUNDARIO DE MATERIA - TERMINO TEMATICO
Subdivisión general Malthus
942 ## - ELEMENTOS AGREGADOS (KOHA)
Clasificación normalizada de Koha para alfabetizar _
945 ## - INFORMACION DE PROCESAMIENTO LOCAL
Responsable de carga/modificación Celeste Delía
AAAA-MM-DD - Fecha de ingreso/modificación 2015-05-12
Holdings
Retirado Perdido Dañado No se presta Ubicación permanente Locación actual Estante o sala Fecha de adquisición Total préstamos Signatura topográfica Inventario Ultima fecha vista Fecha del precio Tipo de item de Koha
        Bib. Derecho Bib. Derecho Biblioteca Graduados 12/05/2015   342 L 969 300362 12/05/2015 12/05/2015 LIBRO (Consulta)

XHTML | CSS | ©Biblioteca Central - Dto. Tecnología de la Información - [ Con tecnología Koha ]